| 000 | 00736nam a22001817a 4500 | ||
|---|---|---|---|
| 003 | BD-DhUL | ||
| 005 | 20170517104133.0 | ||
| 008 | 170517s1982 bg |||| |||| 000 0 ben d | ||
| 040 |
_aBD-DhUL _cBD-DhUL |
||
| 082 |
_a891.443 _bELK |
||
| 100 | 1 | _aইলিয়াস, আখতারুজ্জামান। | |
| 245 | 1 |
_aখোয়ারি / _cআখতারুজ্জামান ইলিয়াস। |
|
| 260 |
_aঢাকা : _bইউনিভার্সিটি প্রেস লিমিটেড, _c১৯৮২ (১৯৮৯ মুদ্রণ)। |
||
| 300 |
_a৯৬পৃ. ; _c২২ সেমি.। |
||
| 650 | 0 | _aবাংলা উপন্যাস | |
| 650 | 0 | _aBengali fiction | |
| 942 |
_2ddc _cBK |
||
| 999 |
_c198275 _d198275 |
||